Economía y sociedad (Registro nro. 5499)

Detalles MARC
000 -LEADER
fixed length control field 02320 a2200205 4500
001 - CONTROL NUMBER
control field 54336
005 - DATE AND TIME OF LATEST TRANSACTION
control field 20260407155815.0
008 - FIXED-LENGTH DATA ELEMENTS--GENERAL INFORMATION
fixed length control field 260407a1979 arg spa d
003 - CONTROL NUMBER IDENTIFIER
control field AR-UNSa-BCEJYS
040 ## - CATALOGING SOURCE
Original cataloging agency AR-UNSa-BCEJYS
Language of cataloging spa
Transcribing agency AR-UNSa-BCEJYS
080 ## - UNIVERSAL DECIMAL CLASSIFICATION NUMBER
Universal Decimal Classification number 330.101
Common auxiliary subdivision Ciencia económica en general. La economía y sus problemas. Objeto y métodos de la economía política
041 ## - LANGUAGE CODE
Language code of text/sound track or separate title spa
100 1# - MAIN ENTRY--PERSONAL NAME
Personal name Johnson, Harry G.
245 10 - TITLE STATEMENT
Title Economía y sociedad
264 #1 - PRODUCTION, PUBLICATION, DISTRIBUTION, MANUFACTURE, AND COPYRIGHT NOTICE
Place of production, publication, distribution, manufacture México :
Name of producer, publisher, distributor, manufacturer El Ateneo
Date of production, publication, distribution, manufacture, or copyright notice 1979
300 ## - PHYSICAL DESCRIPTION
Extent xi, 315 p.
Dimensions 23 cm.
505 ## - FORMATTED CONTENTS NOTE
Formatted contents note Primera Parte: LA POTENCIA EN LA ECONOMIA: 1. La económica y la sociedad contemporánea – 2. El enfoque económico de los problemas sociales – 3. La economía política de la opulencia – 4. La política social de una sociedad opulenta - - Segunda Parte: LA REVOLUCION KEYNESIANA, PARA BIEN O PARA MAL: 5. La “teoría general” después de veinticinco años – 6. Keynes y la economía británica – 7. La revolución keynesiana y la contrarrevolución monetarista – 8. Cambridge en la década del cincuenta - - Tercera Parte: LA ECONOMIA Y LAS UNIVERSIDADES: 9. Los estilos nacionales en la investigación económica: Estados Unidos, el reino unido y diversos países europeos – 10. Los académicos como adversarios públicos: el caso de la economía – 11. La universidad y el bienestar social – 12. Factores políticos e ideológicos que influyen sobre la economía contemporánea - - Cuarta Parte: LA ECONOMIA Y LOS PROBLEMAS CONTEMPORANEOS: INFLACION Y DESIGUALDAD: 13. El problema de la inflación – 14. Algunas observaciones microeconómicas acerca de las desigualdades del ingreso y la riqueza – 15. La desigualdad de la distribución del ingreso y del problema de la pobreza - - Quinta Parte: LA ECONOMIA Y LOS PROBLEMAS CONTEMPORANEOS: LA INFLACION MUNDIAL, EL DINERO, EL COMERCIO, EL CRECIMIENTO Y LA INVERSION: 16. La inflación mundial: enfoque monetarista – 17. Aspecto de economía política de la reforma monetaria internacional – 18. El mercantilismo: pasado, presente y futuro – 19. El problema del desarrollo económico – 20. Inversión. Extranjera directa: reseña de los problemas - - Sexta Parte: LA ECONOMIA Y EL AMBIENTE: 21. El hombre y su ambiente.
590 ## - LOCAL NOTE (RLIN)
Local note niveau_biblio:m niveau_hierar:0
942 ## - ADDED ENTRY ELEMENTS (KOHA)
Koha item type
Existencias
Withdrawn status Lost status Damaged status Not for loan Home library Current library Shelving location Date acquired Total checkouts Full call number Barcode Date last seen Price effective from Koha item type
        Biblioteca Prof. Eusebio Cleto del Rey Biblioteca Prof. Eusebio Cleto del Rey   07/04/2026   330.101 J65 L33174 07/04/2026 07/04/2026 Libro